| 000 | 00518cam a22001337a 4500 | ||
|---|---|---|---|
| 008 | 180718b2002 xxu||||| |||| 00| 0 eng d | ||
| 100 | _aSilva, Luiz A. Pereira da | ||
| 245 |
_aA poverty analysis macroeconomic simulator (PAMS) linking household surveys with macro-models _cby Luiz A. Pereira da Silva, B. Essama Nassah and Issouf Samake |
||
| 260 |
_aWashington, D.C. _bWorld Bank _c2002 |
||
| 300 | _a67p. | ||
| 440 | _aPolicy Research Working Paper, No.2888 | ||
| 700 | _aSamake, Issouf | ||
| 700 | _aNassah, B. Essama | ||
| 999 |
_c288674 _d288674 |
||